000
00313nam a22001337a 4500
008
170220b xxu||||| |||| 00| 0 eng d
020
_a
9780397547036
041
_a
eng
080
_2
3RD
_a
615
100
_a
5
101
_a
SHF
245
_a
CLINICAL PHARMACOLOGY AND NURSING MANAGEMENT
_c
SPENCER
942
_2
udc
_c
BK
999
_c
5798
_d
5798